000 01119nam0a2200313 4500
001 RU\NLR\BIBL_A\012073169
005 20190822170230.0
010 _a978-5-17-116280-1
_95000
021 _aRU
_bКН-П-19-051227
_9КН-П-19-3705
035 _a(NLR Aleph) 012073169
035 _a(RuMoRGB)010035680
090 _a11766437
_c11766437
100 _a20190812d2019 u y0rusy50 ca
101 1 _arus
_ceng
102 _aRU
105 _ay|||z|||000 y
200 1 _aГарем, или Пленница султана
_e[роман]
_fБертрис Смолл
_g[перевод с английского Е.Ю. Елистратовой]
210 _aМосква
_cАСТ
_d2019
215 _a479 с.
_d17
225 1 _aСерия "Гарем Бертрис Смолл"
333 _a16+
517 1 _aПленница султана
686 1 _aШ6(7США)67-440.4{Лх1979-50}
700 1 _aСмолл
_bБ.
_f1937-2015
_gБертрис
_3RU\NLR\AUTH\77816
942 _cBOOK
980 _aNBR
980 _aNB